[Event "GER-chT U16"]
[Site "Willingen"]
[Date "2021.06.24"]
[Round "1.6"]
[White "Kogan, Gabriel"]
[Black "Frank, Marek"]
[Result "1/2-1/2"]
[WhiteElo "1535"]
[BlackElo "1439"]
[PlyCount "139"]
[EventDate "2021.06.23"]
[EventType "team-swiss"]
[EventRounds "7"]
[EventCountry "GER"]
[SourceTitle "CBM 203 Extra"]
[Source "ChessBase"]
[SourceDate "2021.09.30"]
[SourceVersion "1"]
[SourceVersionDate "2021.09.30"]
[SourceQuality "1"]
[WhiteTeam "Porz SG"]
[BlackTeam "Gera"]
[WhiteTeamCountry "GER"]
[BlackTeamCountry "GER"]

1. e4 c5 2. c3 d5 3. exd5 Qxd5 4. d4 Nc6 5. Nf3 Bf5 6. Be2 Nf6 7. Na3 cxd4 8. Nb5 0-0-0 9. Nbxd4 Be4 10. 0-0 e6 11. Nxc6 Qxc6 12. Qb3 Bc5 13. Bf4 Qb6 14. Ne5 Rhf8 15. Qxb6 Bxb6 16. Rad1 Nd5 17. Bg3 f6 18. Nc4 Bc7 19. Bxc7 Kxc7 20. Rd4 f5 21. Bd3 Bxd3 22. Rxd3 Nf4 23. Re3 b5 24. Na3 a6 25. g3 Nh3+ 26. Kg2 Ng5 27. Rfe1 Rd2 28. R3e2 Rd3 29. Nc2 Nf3 30. Rc1 Ng5 31. Nd4 Kd6 32. h4 e5 33. Nxb5+ axb5 34. hxg5 f4 35. gxf4 Rxf4 36. Rh1 Rg4+ 37. Kf1 Rxg5 38. Rxh7 Rd1+ 39. Re1 Rd2 40. Re2 Rd1+ 41. Re1 Rd2 42. Rb1 e4 43. Rh8 Kd7 44. Rh3 Rf5 45. f3 Rxf3+ 46. Rxf3 exf3 47. Ke1 Rh2 48. Rd1+ Ke6 49. Rd3 Rxb2 50. Rxf3 Rxa2 51. Rg3 Kd5 52. Rxg7 Kc4 53. Rb7 Rb2 54. Rc7+ Kd3 55. Rc8 Rc2 56. Rc5 Rb2 57. Rc8 Re2+ 58. Kd1 Rh2 59. Ke1 Rh5 60. Rc7 Kc2 61. Ke2 Re5+ 62. Kf3 Kb3 63. Kf4 Rh5 64. Ke4 Rh4+ 65. Kd3 Rh1 66. Kd4 Rc1 67. Rc5 Ka4 68. Rc8 b4 69. Ra8+ Kb3 70. cxb4 1/2-1/2

[Event "DSOL 07 Liga Gr-B 1st"]
[Site "Playchess.com INT"]
[Date "2020.08.13"]
[Round "2.1"]
[White "Kogan, Gabriel"]
[Black "Gilbert, Tim"]
[Result "1-0"]
[WhiteElo "1627"]
[BlackElo "1698"]
[PlyCount "103"]
[EventDate "2020.06.22"]
[EventType "team-tourn (rapid)"]
[EventCountry "GER"]
[SourceTitle "EXT 2021"]
[Source "ChessBase"]
[SourceDate "2020.10.23"]
[SourceVersion "1"]
[SourceVersionDate "2020.10.23"]
[SourceQuality "1"]
[WhiteTeam "Porz SG III"]
[BlackTeam "Heuchelheim"]
[WhiteTeamCountry "GER"]
[BlackTeamCountry "GER"]

1. e4 c6 2. d4 d5 3. exd5 cxd5 4. Bd3 Nf6 5. Bf4 Nc6 6. c3 Bg4 7. Nf3 e6 8. Nbd2 Bd6 9. Bxd6 Qxd6 10. 0-0 a6 11. h3 Bh5 12. Re1 0-0 13. Rc1 Rac8 14. g4 Bg6 15. Bxg6 hxg6 16. Ne5 Nd7 17. f4 Rfe8 18. Ndf3 Nf8 19. Qd3 Ne7 20. Qe2 b5 21. a3 Rc7 22. h4 f6 23. Nd3 Kf7 24. Qh2 Nd7 25. Re2 Rh8 26. Rce1 Nf8 27. Nc5 Rxc5 28. dxc5 Qxc5+ 29. Nd4 Nc6 30. Qf2 Nd8 31. Kg2 Qc7 32. Rh1 Nd7 33. Qe3 Nc5 34. Nf3 Ndb7 35. Nd2 Nd6 36. Qd4 Nce4 37. Nxe4 Nxe4 38. Qe3 Nc5 39. h5 gxh5 40. Rxh5 Rxh5 41. gxh5 Ne4 42. Kf1 Qb8 43. Ke1 Qc7 44. Rg2 e5 45. fxe5 Qxe5 46. Qa7+ Ke6 47. Qxa6+ Kf5 48. Qc8+ Qe6 49. Qxe6+ Kxe6 50. Rxg7 Ng5 51. h6 Nf7 52. h7 1-0

[Event "GER-chT U14"]
[Site "Magdeburg"]
[Date "2019.12.28"]
[Round "3.3"]
[White "Beck, Felix"]
[Black "Kogan, Gabriel"]
[Result "1/2-1/2"]
[WhiteElo "1508"]
[BlackElo "1527"]
[PlyCount "88"]
[EventDate "2019.12.27"]
[EventType "team-swiss"]
[EventRounds "7"]
[EventCountry "GER"]
[SourceTitle "CBM 194 Extra"]
[Source "ChessBase"]
[SourceDate "2020.03.31"]
[SourceVersion "1"]
[SourceVersionDate "2020.03.31"]
[SourceQuality "1"]
[WhiteTeam "Berlin Nord Ost"]
[BlackTeam "Porz SG"]
[WhiteTeamCountry "GER"]
[BlackTeamCountry "GER"]

1. c4 e5 2. g3 Nf6 3. Bg2 c6 4. e3 d5 5. cxd5 cxd5 6. d4 e4 7. Nc3 Nc6 8. a3 a6 9. Nge2 Bd6 10. 0-0 0-0 11. Rb1 Bf5 12. Ra1 Rc8 13. f3 Re8 14. fxe4 Bxe4 15. Nxe4 Nxe4 16. Bd2 Qe7 17. Rf3 h6 18. Rc1 Qg5 19. Nc3 Nxd4 20. exd4 Nxd2 21. Rf2 Ne4 22. Bxe4 dxe4 23. Qf1 Rc7 24. Re1 Rce7 25. Rfe2 Qg6 26. Qg2 f5 27. Nd5 Re6 28. Ne3 Qf6 29. Nc2 Kh7 30. g4 g6 31. Rf2 f4 32. Rff1 g5 33. d5 Re5 34. Ne3 Bc5 35. Kh1 f3 36. Qc2 Bxe3 37. Rxe3 Qd6 38. Rexf3 Rxd5 39. Rf6 Qc5 40. Qxc5 Rxc5 41. Rf7+ Kg8 42. Rxb7 Rf8 43. Re1 Re8 44. Rd1 Rb5 1/2-1/2

[Event "GER-chT U12"]
[Site "Magdeburg"]
[Date "2017.12.27"]
[Round "1.2"]
[White "Kogan, Gabriel"]
[Black "Schroeder, Lennart"]
[Result "1/2-1/2"]
[WhiteElo "1427"]
[BlackElo "1684"]
[PlyCount "106"]
[EventDate "2017.12.26"]
[EventType "team-swiss"]
[EventRounds "7"]
[EventCountry "GER"]
[SourceTitle "CBM 182 Extra"]
[Source "ChessBase"]
[SourceDate "2018.02.23"]
[SourceVersion "1"]
[SourceVersionDate "2018.02.23"]
[SourceQuality "1"]
[WhiteTeam "Porz SG"]
[BlackTeam "Muenster"]
[WhiteTeamCountry "GER"]
[BlackTeamCountry "GER"]

1. e4 c5 2. c3 Nf6 3. e5 Nd5 4. d4 cxd4 5. cxd4 d6 6. Nf3 Nc6 7. Bb5 Qa5+ 8. Nc3 Nxc3 9. Bxc6+ bxc6 10. bxc3 Qxc3+ 11. Bd2 Qd3 12. Qc1 Qe4+ 13. Be3 Bg4 14. 0-0 Bxf3 15. gxf3 Qxf3 16. Re1 e6 17. Qb2 Qd5 18. Qb7 c5 19. Qxd5 exd5 20. exd6 c4 21. Bf4+ Kd7 22. Re5 Rb8 23. Rxd5 Rb6 24. Rc5 Bxd6 25. Bxd6 Kxd6 26. Rxc4 Rc6 27. Rac1 Rhc8 28. Rxc6+ Rxc6 29. Rb1 Rb6 30. Re1 Rb2 31. a3 Rb3 32. Re3 Rb1+ 33. Kg2 Rd1 34. Re4 f6 35. a4 Ra1 36. d5 Rd1 37. Re6+ Kxd5 38. Ra6 Rd4 39. Rxa7 Rg4+ 40. Kf3 Rg5 41. Ra5+ Kc4 42. Rxg5 fxg5 43. Kg4 Kb4 44. Kxg5 Kxa4 45. f4 Kb5 46. f5 Kc5 47. f6 gxf6+ 48. Kxf6 Kd5 49. Kg7 h5 50. h4 Ke6 51. Kg6 Ke7 52. Kxh5 Kf8 53. Kg6 Kg8 1/2-1/2

[Event "GER-chT U12"]
[Site "Magdeburg"]
[Date "2016.12.29"]
[Round "6.3"]
[White "Stillbauer, Jan"]
[Black "Kogan, Gabriel"]
[Result "0-1"]
[WhiteElo "1404"]
[BlackElo "1467"]
[PlyCount "106"]
[EventDate "2016.12.27"]
[EventType "team-swiss"]
[EventRounds "7"]
[EventCountry "GER"]
[SourceTitle "EXT 2018"]
[Source "ChessBase"]
[SourceDate "2017.10.13"]
[SourceVersion "1"]
[SourceVersionDate "2017.10.13"]
[SourceQuality "1"]
[WhiteTeam "Mannheim Lindenhof"]
[BlackTeam "Porz SG"]
[WhiteTeamCountry "GER"]
[BlackTeamCountry "GER"]

1. e4 e5 2. Nf3 Nc6 3. Bb5 Bc5 4. 0-0 Nf6 5. c3 Nxe4 6. d4 exd4 7. Re1 d5 8. Nfd2 0-0 9. Nxe4 dxe4 10. Rxe4 Bf5 11. Bxc6 bxc6 12. Re5 Bxb1 13. Rxb1 dxc3 14. Bg5 Qxd1+ 15. Rxd1 Bd6 16. Re2 cxb2 17. Rxb2 Rab8 18. Rxb8 Rxb8 19. h3 h6 20. Be3 a6 21. g3 Rb2 22. Rd2 Rxd2 23. Bxd2 Kf8 24. Kf1 Ke7 25. Bc3 g6 26. Ke2 Ke6 27. Ke3 Be5 28. Bb4 Kd5 29. Kd3 c5 30. Bd2 h5 31. f4 Bd4 32. a4 c4+ 33. Kc2 Ke4 34. g4 Be3 35. gxh5 gxh5 36. Bxe3 Kxe3 37. f5 Kd4 38. Kd2 c3+ 39. Kc2 c6 40. a5 c5 41. h4 f6 42. Kc1 Kd3 43. Kd1 c2+ 44. Kc1 c4 45. Kb2 Kd2 46. Ka2 Kd1 47. Kb2 c1Q+ 48. Ka2 Qe3 49. Kb2 Ke2 50. Ka2 Qc3 51. Kb1 Qd2 52. Ka1 c3 53. Kb1 Qb2# 0-1

[Event "Cologne Longerich op-B 13th"]
[Site "Cologne"]
[Date "2016.08.13"]
[Round "3"]
[White "Kogan, Gabriel"]
[Black "Riesen, Peter"]
[Result "0-1"]
[WhiteElo "1354"]
[BlackElo "1613"]
[PlyCount "74"]
[EventDate "2016.08.12"]
[EventType "swiss"]
[EventRounds "5"]
[EventCountry "GER"]
[SourceTitle "EXT 2022"]
[Source "ChessBase"]
[SourceDate "2021.10.06"]
[SourceVersion "1"]
[SourceVersionDate "2021.10.06"]
[SourceQuality "1"]

1. e4 e6 2. d4 d5 3. e5 c5 4. c3 Nc6 5. Nf3 Qb6 6. a3 Nge7 7. Bd3 Bd7 8. Bc2 cxd4 9. cxd4 Nf5 10. Bxf5 exf5 11. 0-0 Be7 12. Nc3 Be6 13. Re1 0-0 14. Ne2 Na5 15. b4 Nc4 16. Bf4 a5 17. bxa5 Rxa5 18. Rb1 Qc6 19. Qb3 b6 20. Nd2 Rxa3 21. Qb5 Qxb5 22. Rxb5 Ra5 23. Rb3 b5 24. Reb1 b4 25. Nc1 Ra3 26. Nd3 Rxb3 27. Rxb3 g5 28. Be3 f4 29. Nxf4 gxf4 30. Bxf4 Ra8 31. Bh6 Ra3 32. Rb1 Nxd2 33. Bxd2 Kg7 34. Kf1 b3 35. Bc1 b2 36. Bxb2 Rb3 37. Ke2 Bf5 0-1

[Event "GER-chT U10"]
[Site "Magdeburg"]
[Date "2015.12.28"]
[Round "5.2"]
[White "Kogan, Gabriel"]
[Black "Morczynski, Joachim"]
[Result "1-0"]
[WhiteElo "1132"]
[BlackElo "1205"]
[PlyCount "122"]
[EventDate "2015.12.27"]
[EventType "team-swiss"]
[EventRounds "7"]
[EventCountry "GER"]
[SourceTitle "EXT 2017"]
[Source "ChessBase"]
[SourceDate "2016.10.25"]
[SourceVersion "1"]
[SourceVersionDate "2016.10.25"]
[SourceQuality "1"]
[WhiteTeam "Porz SG"]
[BlackTeam "Berlin Schachpinguine II"]
[WhiteTeamCountry "GER"]
[BlackTeamCountry "GER"]

1. e4 e5 2. Nf3 Nc6 3. Bc4 Nf6 4. Ng5 d5 5. exd5 b5 6. Bb3 Nd4 7. d6 Nxb3 8. dxc7 Qxc7 9. axb3 Qc6 10. 0-0 Bb7 11. Nf3 e4 12. Ne5 Qd5 13. d4 Rd8 14. c3 a6 15. Bg5 Be7 16. Bxf6 Bxf6 17. Ng4 Bg5 18. Re1 0-0 19. Ne3 Qd6 20. Nf5 Qg6 21. Qg4 Rd5 22. Ne3 Bxe3 23. Qxg6 Bxf2+ 24. Kxf2 fxg6+ 25. Kg1 Re8 26. Nd2 Rd7 27. Re3 Rde7 28. Rae1 Kf7 29. Rf1+ Ke6 30. Nxe4 Kd5 31. Nc5 Rxe3 32. Nxb7 R8e7 33. Nc5 Re2 34. Nd3 g5 35. h4 R7e3 36. Rd1 Ke4 37. Nc5+ Kf4 38. hxg5 Rxb2 39. d5 Rbe2 40. d6 Re8 41. d7 Rd8 42. Nb7 Ree8 43. Nxd8 Rxd8 44. c4 bxc4 45. bxc4 Ke5 46. c5 Ke6 47. c6 Ke7 48. c7 Rxd7 49. Re1+ Kd6 50. c8Q Rf7 51. Qxa6+ Kd5 52. Qd3+ Kc6 53. Rc1+ Kb7 54. Qb3+ Ka8 55. Ra1+ Ra7 56. Rxa7+ Kxa7 57. Qb5 h5 58. gxh6 gxh6 59. Kf2 h5 60. Ke3 h4 61. Kd4 h3 1-0

[Event "GER-chT U10"]
[Site "Magdeburg"]
[Date "2015.12.28"]
[Round "3.2"]
[White "Kogan, Gabriel"]
[Black "Raasch, Hauke"]
[Result "0-1"]
[WhiteElo "1132"]
[BlackElo "1171"]
[PlyCount "72"]
[EventDate "2015.12.27"]
[EventType "team-swiss"]
[EventRounds "7"]
[EventCountry "GER"]
[SourceTitle "EXT 2017"]
[Source "ChessBase"]
[SourceDate "2016.10.25"]
[SourceVersion "1"]
[SourceVersionDate "2016.10.25"]
[SourceQuality "1"]
[WhiteTeam "Porz SG"]
[BlackTeam "Berlin Eintracht"]
[WhiteTeamCountry "GER"]
[BlackTeamCountry "GER"]

1. e4 d5 2. exd5 Qxd5 3. Nc3 Qa5 4. d4 c6 5. Bc4 Qc7 6. Nf3 Bg4 7. h3 Bh5 8. Qd3 e6 9. 0-0 Bd6 10. Ne4 Nd7 11. Nxd6+ Qxd6 12. Re1 Ngf6 13. Bg5 0-0 14. Bxf6 Nxf6 15. Ne5 Rad8 16. c3 Qc7 17. Qg3 Qb6 18. Bb3 c5 19. dxc5 Qxc5 20. Re3 Nd5 21. Re4 Bg6 22. Rc4 Qb6 23. Rd4 Nf6 24. Rxd8 Rxd8 25. Nxg6 hxg6 26. Re1 Rd2 27. Re3 Rxb2 28. Rd3 Ne4 29. Qb8+ Kh7 30. Rd4 Nf6 31. Rh4+ Nh5 32. Qf4 Kg8 33. Qb8+ Kh7 34. Qf4 Qd6 35. g4 Rb1+ 36. Kg2 Qa6 0-1

[Event "GER-chT U10"]
[Site "Magdeburg"]
[Date "2015.12.27"]
[Round "2.2"]
[White "Schmidtmann, Kimberly"]
[Black "Kogan, Gabriel"]
[Result "0-1"]
[WhiteElo "1086"]
[BlackElo "1132"]
[PlyCount "72"]
[EventDate "2015.12.27"]
[EventType "team-swiss"]
[EventRounds "7"]
[EventCountry "GER"]
[SourceTitle "EXT 2017"]
[Source "ChessBase"]
[SourceDate "2016.10.25"]
[SourceVersion "1"]
[SourceVersionDate "2016.10.25"]
[SourceQuality "1"]
[WhiteTeam "Paderborn Blauer Springer"]
[BlackTeam "Porz SG"]
[WhiteTeamCountry "GER"]
[BlackTeamCountry "GER"]

1. e4 e5 2. Nf3 Nc6 3. Bc4 Bc5 4. 0-0 Nf6 5. Nc3 0-0 6. d3 d6 7. Bg5 h6 8. Bxf6 Qxf6 9. Nd5 Qg6 10. Nh4 Qg5 11. Nf5 Bxf5 12. exf5 Qxf5 13. Bb5 Nd4 14. Ne7+ Kh7 15. Nxf5 Nxf5 16. Qf3 Bb6 17. Qxb7 Rab8 18. Qc6 Nd4 19. Qe4+ g6 20. Rae1 Nxc2 21. Rc1 Bc5 22. Bc4 Rxb2 23. Rfe1 Kg7 24. Re3 Rxa2 25. g4 f5 26. gxf5 Rxf5 27. Qa8 Kh7 28. Kg2 Rg5+ 29. Rg3 Rxg3+ 30. Kxg3 Nd4 31. Ba6 Nf5+ 32. Kg4 Rxf2 33. Re1 Rxh2 34. Rf1 h5+ 35. Kg5 Be3+ 36. Rf4 Bxf4+ 0-1